000 00286nam a2200121 a 4500
008 101022s1961|||| d
245 1 0 _aBolo raz zelené údolie
100 1 _aLlewellyn, Richard
260 _bSmena
_aBratislava
_c1961
044 _axo
_cSK
041 _aslo
020 _c34
999 _c12084
_d12084